00647nam a2200169Ia 4500008004100000020002200041082001600063100002400079245012100103250001200224260002800236300001100264500004700275505002400322650005000346700008100396120622s9999 xx 000 0 und d a978-968-18-4509-4 a519.5 W872i aWonnacott, Thomas H aIntroducción a la estadística / Thomas H. Wonnacott y Ronald J. Wonnacott ; tr. de Hugo Villagómez Velázquez a2a. ed. aMéxico : Limusa Wiley a788 p. aTítulo original: Introductory Statistics aapéndices, tablas a1. ESTADÍSTICA \ 2. ESTADISTICA MATEMATICA aI. Wonnacott, Thomas H. ; coaut. II. Villagómez Velázquez, Hugo ; tr.Ì